Komparatívne výhody Košického kraja, prínos pre rozvoj Karpatského euroregiónu

Pojmom euroregión sa označuje geograficky ohraničené územie pozostávajúce z dvoch alebo viacerých území patriacich štátom, ktoré sa zaviazali v prospech rozvoja pohraničných obalstí zladiť svoje aktivity. Územné členenie Karpatského euroregiónu. Ciele, úlohy, a váznam Karpatského euroregiónu. Kompa...

Descrizione completa

Salvato in:
Dettagli Bibliografici
Autore principale: Pétrová, Rozália
Natura: Capitolo di libro
Lingua:slovacco
Soggetti:
Tags: Aggiungi Tag
Nessun Tag, puoi essere il primo ad aggiungerne!!

MARC

LEADER 00000naa$a2200000$$$4500
001 0033444
005 20221207121548.1
041 0 |a slo 
044 |a SK 
245 1 0 |a Komparatívne výhody Košického kraja, prínos pre rozvoj Karpatského euroregiónu  |c Rozália Pétrová 
520 |a Pojmom euroregión sa označuje geograficky ohraničené územie pozostávajúce z dvoch alebo viacerých území patriacich štátom, ktoré sa zaviazali v prospech rozvoja pohraničných obalstí zladiť svoje aktivity. Územné členenie Karpatského euroregiónu. Ciele, úlohy, a váznam Karpatského euroregiónu. Komparatívne výhody Košického kraja. 
610 2 0 |a euroregióny 
610 2 0 |a Karpatský euroregión 
610 2 0 |a spolupráca cezhraničná 
610 2 0 |a Košický kraj 
610 2 0 |a výhody komparatívne 
610 2 0 |a rozvoj regionálny 
100 1 |a Pétrová, Rozália